A friend for Phillipe.
On a beautiful, sunny morning, Belle finds her horse Phillipe looking rather gloomy. Join Belle as she tries to figure out how to cheer up Phillipe. Is it a bubble bath? Some music?
Record details
- ISBN: 9781484716762
- ISBN: 1484716760
- Physical Description: 1 volume (unpaged) color illustrations 20 cm.
- Edition: First edition.
- Publisher: Glendale, California : Disney Press, [2014]
Search for related items by subject
| Genre: | Juvenile works. Fantasy > Fiction. Romance fiction. Fairy tales > Juvenile fiction. |
Search for related items by series
Available copies
- 1 of 1 copy available at scottsboropl.
Holds
- 0 current holds with 1 total copy.
Show Only Available Copies
| Location | Call Number / Copy Notes | Barcode | Shelving Location | Status | Due Date |
|---|---|---|---|---|---|
| scottsboropl | JF Dis | 32269001115529 | Juvenile - Fiction | Available | - |
| LDR | 01172cam a2200265Ma 4500 | ||
|---|---|---|---|
| 001 | 150652 | ||
| 003 | SBPL | ||
| 005 | 20190408112021.0 | ||
| 008 | 130212s2012 cc 000 0 eng d | ||
| 020 | . | ‡a9781484716762 ‡q(hc.) | |
| 020 | . | ‡a1484716760 | |
| 035 | . | ‡a(CONS)150652 | |
| 035 | . | ‡a(CPomAG)LMN611602 | |
| 100 | 1 | . | ‡aDisney Princess |
| 245 | 0 | 2. | ‡aA friend for Phillipe. |
| 250 | . | ‡aFirst edition. | |
| 264 | 1. | ‡aGlendale, California : ‡bDisney Press, ‡c[2014] | |
| 300 | . | ‡a1 volume (unpaged) ‡bcolor illustrations ‡c20 cm. | |
| 336 | . | ‡atext ‡btxt ‡2rdacontent | |
| 337 | . | ‡aunmediated ‡bn ‡2rdamedia | |
| 338 | . | ‡avolume ‡bnc ‡2rdacarrier | |
| 380 | . | ‡aFiction ‡2marcgt | |
| 490 | 1 | . | ‡aDisney princess |
| 520 | . | ‡aOn a beautiful, sunny morning, Belle finds her horse Phillipe looking rather gloomy. Join Belle as she tries to figure out how to cheer up Phillipe. Is it a bubble bath? Some music? | |
| 650 | 0. | ‡aHorses ‡vJuvenile fiction. | |
| 650 | 0. | ‡aBeauty and the beast (Tale) | |
| 650 | 0. | ‡aPrincesses ‡vJuvenile fiction. | |
| 650 | 0. | ‡aMagic ‡vJuvenile fiction. | |
| 650 | 0. | ‡aCastles ‡vJuvenile fiction. | |
| 650 | 0. | ‡aMan-woman relationships ‡vJuvenile fiction. | |
| 650 | 0. | ‡aBlessing and cursing ‡vJuvenile fiction. | |
| 650 | 1. | ‡aLove ‡vFiction. | |
| 655 | 7. | ‡aJuvenile works. | |
| 655 | 1. | ‡aFantasy ‡vFiction. | |
| 655 | 7. | ‡aRomance fiction. ‡2lcgft | |
| 655 | 7. | ‡aFairy tales ‡vJuvenile fiction. ‡2lcgft | |
| 710 | 2 | . | ‡aDisney Press [Firm], ‡epublisher. |
| 830 | 0. | ‡aDisney princess (Disney Press) | |
| 901 | . | ‡a150652 ‡bUnknown ‡c150652 ‡tbiblio | |